| 000 | 00528nam a22001097a 4500 | ||
|---|---|---|---|
| 008 | 110620t xxu||||| |||| 00| 0 eng d | ||
| 010 | _aCACAF62 M-Z | ||
| 245 | _aCourt of Appeal Civil Appeal No. 2 OF 2002 Monday P. Eliab Vs The Attorney General | ||
| 260 | _c2002 | ||
| 500 | _aCoram: Hon. Justice A.E.N. Mpagi-Bahigeine, JA Hon. Justice S.G. Engwau, JA Hon. Justice A. Twinomujuni, JA | ||
| 500 | _aAppeal from the decision of the High Court of Uganda Byamugisha, J dated 28/08/2001 in HCCS No. 1048 of 2000 | ||
| 999 |
_c3293 _d3293 |
||